000 00625nam a2200253Ia 4500
003 OSt
005 20221007065012.0
006 a|||||r|||| 00| 0
007 ta
008 221006b |||||||| |||| 00| 0 eng d
020 _a8175253266
_cRs. 125/-
024 _a9,614
037 _cTextual
040 _aFLL
_cFLL
_beng
041 _2eng
_aeng
082 _aZ2,4, P2
100 _aSingh S.P.
245 0 _aLaw of tort
250 _a2nd
260 _aDelhi
_bSinghal Publication India
_c2002
300 _axxxix,387p
_ccm.
942 _hZ2,4, P2
_cTEXL
_2CC
999 _c1135993
_d1135993